| 000 | 00392nam a22001457a 4500 | ||
|---|---|---|---|
| 005 | 20150309102213.0 | ||
| 008 | 150309b xxu||||| |||| 00| 0 eng d | ||
| 040 | _cPK-LaUMT | ||
| 082 |
_aKHC 297.82 _bAZI-S |
||
| 100 | _aعزیراحمد صدیقی | ||
| 245 |
_aسبائی سبز باغ _cعزیراحمد |
||
| 260 |
_aکراچی _bعزیراحمد _c1936 |
||
| 300 | _a208 ص | ||
| 942 | _cBK | ||
| 999 |
_c67611 _d67611 |
||